| 000 | 00353nam a2200145Ia 4500 | ||
|---|---|---|---|
| 008 | 230711s9999||||xx |||||||||||||| ||und|| | ||
| 041 | _aENG | ||
| 082 |
_a621 _bTA-F |
||
| 100 | _aTaylor,Howard F | ||
| 245 | 0 | _aFoundry engineering | |
| 250 | _a1st | ||
| 260 |
_c1993 _aNew Delhi _bWiley Eastern Limited |
||
| 650 | _aMechanical Engineering | ||
| 942 | _cBK | ||
| 999 |
_c2714 _d2714 |
||